Manažment podniku /

Guardado en:
Detalles Bibliográficos
Autores principales: Rašner, Jaroslav (Autor), Rajnoha, Rastislav (Autor), Aláč, Patrik (Autor)
Formato: Libro
Lenguaje:eslovaco
Publicado: Zvolen Technická univerzita 2014
Edición:1. vyd.
Materias:
Etiquetas: Agregar Etiqueta
Sin Etiquetas, Sea el primero en etiquetar este registro!

MARC

LEADER 00000nam a22000003a 4500
001 0080316
003 SK-STU
005 20200211133058.6
007 ta
008 200211s ----xo-----e------000-0-----d
020 |a 978-80-228-2622-8 
040 |a STU  |b slo 
041 0 |a slo 
044 |a xo 
100 1 |a Rašner, Jaroslav  |4 aut 
245 1 0 |a Manažment podniku /  |c aut. Jaroslav Rašner, Rastislav Rajnoha, Patrik Aláč 
250 |a 1. vyd. 
260 |a Zvolen  |b Technická univerzita  |c 2014 
300 |a 247 s. 
650 0 7 |a manažment podniku 
700 1 |a Rajnoha, Rastislav  |4 aut 
700 1 |a Aláč, Patrik  |4 aut 
996 |b 284M088332  |c M* 14310-1  |l MMKN  |s A  |a 24  |w 0080316_0001